01071 a2200217 4500003000500000005001700005010001600022020001500038040000900053082001200062100002600074245002900100250001200129260004600141300003300187505045100220650001900671942002200690999001900712952012200731Nust20221201113731.0 a 96032535 a0201838877 cNust00a535,HEC1 aHecht, Eugene.96287410aOptics / cEugene Hecht. a3rd ed. aReading, Mass. :bAddison-Wesley,cc1998. avi, 694 p. :bill. ;c24 cm. aGeometricalA Berif History (Page-1), Wave Motion (Page-11), Electromagnetic Theory, Photons, and Light (Page-37), The Propagation Of Light (Page-85), Optics (Page-148), More on Geometrial Optics (Page-247), The Superposition of Waves (Page-285), Polarization (Page-319), Interfarence (Page-377), Diffraction (Page-433), Fourier Optics (Page-512), Basics of Choerence Theory (Page-554), Modern Optics: Laser and Other Optics (Page-575). 0aOptics.940012 cREF2ddck535,HEC c175433d175433 00102ddc4070aMCSbMCScGENd2016-12-12o535,HECpMCS27789r2016-12-08w2016-12-12yBKzAlmirah No.16, Shelf No.3